Cool - Gracie Abrams Lyrics - Statistics

General Stats
  • This quiz has been taken 257 times
  • The average score is 321 of 395
Answer Stats
<3 % Correct
I
98%
"I
98%
be
95%
cool
95%
it
95%
a
94%
A
94%
the
94%
of
93%
you
93%
You
93%
for
92%
I'm
92%
so
91%
and
90%
And
90%
No
90%
hell
89%
I'll
89%
not
89%
said
89%
to
89%
me
88%
do
87%
up"
86%
up
86%
your
86%
did
85%
on
85%
was
85%
with
85%
down
84%
never
84%
That
84%
that
84%
baby
83%
same
83%
Then
83%
way
83%
Calm
81%
calm
81%
can
81%
They
81%
they
81%
bet
80%
but
80%
fits
80%
hate
80%
if
80%
love
80%
maybe
80%
my
80%
offended
80%
shit
80%
shoe
80%
we
80%
could
79%
when
79%
When
79%
all
78%
All
78%
close
78%
Fool
78%
fool
78%
it's
78%
It's
78%
as
77%
barely
77%
breathe
77%
in
77%
probably
77%
round
77%
sad
77%
suck
77%
are
76%
face
76%
met
75%
spun
75%
'til
75%
just
74%
Now
74%
walls
74%
fine
73%
lied
73%
mind
73%
right
73%
Yeah
73%
yeah
73%
between
72%
time
72%
you're
72%
God
71%
after
70%
run
70%
Sarah
70%
Thank
70%
thought
70%
Thought
70%
you'd
70%
glass
69%
back
68%
bored
68%
Cass
68%
change
68%
us
68%
couch
67%
out
67%
promised
67%
Sadie
67%
superstar
67%
too
67%
what?
67%
wine
67%
wrong
67%
talk
66%
acting
65%
call
65%
funny
65%
silver
65%
something
65%
burn
64%
hair
64%
know
64%
lining
64%
mascara
64%
opened
64%
picture
64%
running
64%
say
64%
Waited
64%
wouldn't
64%
guess
62%
hands
62%
phony
62%
real
62%
this
62%
through
62%
waste
62%
Dev
61%
didn't
61%
look
61%
miss
61%
pretending
61%
wasn't
61%
Elle
59%
much
59%
Stay
59%
paint
58%
stranded
58%
wish
58%
nothing
57%
sight
57%
while
57%
kick
56%
lot
56%
bombed
55%
Thanks
54%
Half
52%
still
49%
stole
47%
Stop
42%
Kill
41%
occupying
36%
mm
33%
No matching quizzes found
Score Distribution
Percent of People with Each Score
Percentile by Number Answered
Your Score History
You have not taken this quiz